000 01327nam0a2200313 4500
001 RU\NLR\bibl\38381
005 20260407043329.0
010 _a5-85383-143-7
_93000
021 _aRU
_b99-11972
_9578
035 _a(NLR Aleph) 000037406
090 _a192971
_c192971
100 _a19990714d1999 |||y0rusy50 ca
101 0 _arus
102 _aRU
105 _aa |||||||||
200 1 _aОписания лучших сортов овощей и цветов, наиболее приспособленных к условиям Среднего Урала
_fООО Агрофирма "Семена" г. Красноуфимск
210 _aЕкатеринбург
_cФГУИПП "Уральский рабочий"
_d1999
215 _a48 с., [12] с. цв. ил.
_d20
606 0 _aЦветочные культуры
_xСорта
_yУрал Средний
_92098555
_3RU\NLR\auth\661269476
606 0 _aОвощные культуры
_xСорта
_yУрал Средний
_92098553
_3RU\NLR\auth\661269475
686 _aП24-36
686 _aП274-36
711 0 2 _4070
_a"Семена", агрофирма
_cКрасноуфимск
_9529368
_3RU\NLR\AUTH\8810015754
801 0 _aRU
_bNLR
_c19990714
_gPSBO
801 1 _aRU
_bNLR
_c19990714
852 _aNLR
_j99-4/3907
942 _cBOOK
980 _aNB